Mayská proroctví : odkrývání tajemství ztracené civilizace /

Hlavní autor: Gilbert, Adrian 1949-
Další autoři: Cotterell, Maurice
Jazyk: Čeština
Vydáno: Praha : Pragma, 1997
Témata:
Fyzický popis: 315 s., [24] s. barev. příl. : il. ; 22 cm
Knihy
Uloženo v:
LEADER 01293nam a2200361 a 4500
001 000154652
003 CZ BrMZK
005 20220713085254.0
007 ta
008 010907s1997 xr a cze d
015 |a cnb000206350 
020 |a 80-7205-365-5 
035 |a (OCoLC)84930935 
040 |a BOA001  |b cze 
041 1 |a cze  |h eng 
080 9 |a 972.015:133.3  |2 MRF 
080 |a 133.3:972.015  |2 MRF 
100 1 |a Gilbert, Adrian  |q (Adrian Geoffrey),  |d 1949-  |7 jn20000601808  |4 aut 
245 1 0 |a Mayská proroctví :  |b odkrývání tajemství ztracené civilizace /  |c Adrian G. Gilbert a Maurice M. Cotterell 
260 |a Praha :  |b Pragma,  |c 1997 
300 |a 315 s., [24] s. barev. příl. :  |b il. ;  |c 22 cm 
500 |a Přeloženo z angličtiny 
504 |a Obsahuje bibliografii 
653 0 |a Mayové  |a proroctví 
700 1 |a Cotterell, Maurice  |7 jn20000601209  |4 aut 
765 0 |t Mayan prophecies  |9 Česky 
910 |a BOA001  |b Z-1031.291  |b PK-0127.140 
920 |a 000151131 
964 |a Mayové  |x proroctví 
964 |a Proroctví  |x Mayové 
990 |a BK 
996 6 |b 2610049879  |c Z-1031.291  |l MZK  |r Sklad / do 24 hodin  |n 10  |p kup  |w 000154652  |u 000010  |a 1  |e BOA001  |j MZK50  |s P 
996 6 |b 2610152513  |c Z-1031.291  |l MZK  |r Sklad / do 24 hodin  |n 7  |p p.v.  |w 000154652  |u 000020  |a 1  |e BOA001  |j MZK50  |s P